La Reforma Procesal Civil en Chile Anl̀isis crt̕ico del Anteproyecto de Cd̤igo Procesal Civil /

Detalles Bibliográficos
Autor principal: Carrasco Poblete, Jaime
Formato: eBook
Lenguaje:español
Publicado: Santiago de Chile: Universidad de los Andes (Chile), 2009
Materias:
Acceso en línea:Acceso restringido

MARC

LEADER 00000nam a22000007a 4500
005 20190418004711.0
007 cr|||| ||||
008 190418s2009 cl |||||s|||| 00||0 spa d
020 |a 978-956-7160-55-6 
035 |a 21290 
040 |a vLex 
090 |c 8657  |d 8657 
100 1 |a Carrasco Poblete, Jaime 
245 1 2 |a La Reforma Procesal Civil en Chile  |h [Recurso electrn̤ico] :  |b Anl̀isis crt̕ico del Anteproyecto de Cd̤igo Procesal Civil /  |c Jaime Carrasco Poblete 
256 |a Servicio en ln̕ea 
260 |a Santiago de Chile:  |b Universidad de los Andes (Chile),  |c 2009 
300 |a 1 recurso electrn̤ico 
506 1 |a Disponible solo en los productos indicados  |d vLex Global  |d vLex Global (Academic Edition, excluding Law Schools)  |d vLex Global (U.S. Academic Edition, Law Schools)  |d vLex Global (U.S. Academic Edition, excluding Law Schools)  |d vLex Global (Academic Edition, Law Schools) 
650 0 4 |a Derecho Procesal  |z Chile 
650 0 4 |a Procedimiento Civil  |z Chile 
740 0 |a vLex Libros (Servicio en ln̕ea) 
856 4 0 |u http://vlex.com/source/reforma-procesal-civil-en-chile-analisis-critico-del-anteproyecto-de-codigo-procesal-civil-21290  |z Acceso restringido 
942 |c BOOK 
999 0 |a Procedural Law 
999 0 |a Civil Procedure